The Economic Dynamics of Modern Biotechnology : (Record no. 615142)

MARC details
000 -LEADER
fixed length control field 00509nam a2200181 a 4500
008 - FIXED-LENGTH DATA ELEMENTS--GENERAL INFORMATION
fixed length control field 260221s2004##################000#0#eng##
020 ## - INTERNATIONAL STANDARD BOOK NUMBER
ISBN 9781843765196
082 04 - DEWEY DECIMAL CLASSIFICATION NUMBER
Classification number 338.4766
Item number MCK
100 1# - MAIN ENTRY--AUTHOR NAME
Personal name McKelvey, Maureen D.,
245 10 - TITLE STATEMENT
Title The Economic Dynamics of Modern Biotechnology :
260 ## - PUBLICATION, DISTRIBUTION, ETC. (IMPRINT)
Name of publisher Edward Elgar Publishing,
Year of publication 2004.
650 #0 - SUBJECT ADDED ENTRY--TOPICAL TERM
Topical Term Biotechnology.
942 ## - ADDED ENTRY ELEMENTS (KOHA)
Koha item type English Books
Holdings
Withdrawn status Lost status Damaged status Not for loan Home library Current library Shelving location Date acquired Full call number Accession Number Price effective from Koha item type
        Anna Centenary Library Anna Centenary Library 4TH FLOOR, A WING 21.02.2026 338.4766 MCK 343187 21.02.2026 English Books

Find us on the map